| 000 | 01020nam a22002537a 4500 | ||
|---|---|---|---|
| 999 |
_c1940 _d1940 |
||
| 003 | AR-CdUCM | ||
| 008 | 190228b ||||| |||| 00| 0 spa d | ||
| 040 |
_aMUNICIPALIDAD PROVINCIAL DEL CUSCO _cBIBLIOTECA MUNICIPAL DEL CUSCO |
||
| 082 |
_a498.32 / _bB18 |
||
| 100 |
_aBallon Aguirre, Enrrique _97089 |
||
| 245 |
_aVocabulario razonado de la actividad agraria andina : _bTerminología agraria quechua / |
||
| 260 |
_aPerú : _bCentro de estudios regionales andinos ¨Bartolome de las casas¨ _c1992. |
||
| 300 |
_a301 paginas ; _c24 cm. |
||
| 440 |
_aMonumenta lingüística andina. _n1 _97090 |
||
| 505 | _aContenido : Fuentes de estudio y corpus -- Hacia una sistematizacion del vocabulario agrario quechua -- La representación semántica ... | ||
| 650 |
_aTerminología _97091 |
||
| 650 |
_aSemantica _97092 |
||
| 650 |
_aQuechua _92063 |
||
| 650 |
_aActividad agraria _97093 |
||
| 700 |
_aRoldolfo, Cerron _97094 |
||
| 700 |
_aEmilio, Chambi Apaza _97095 |
||
| 942 |
_2ddc _cLIBROS |
||
| 945 |
_arjall _d2019-02-28 |
||